More than a Pretty picture: using poverty maps to design better policies and interventions (Record no. 51689)

MARC details
000 -LEADER
fixed length control field 00783nam a2200205 a 4500
008 - FIXED-LENGTH DATA ELEMENTS--GENERAL INFORMATION
fixed length control field 080305s2007 xx |||||||||||||| || u
020 ## - INTERNATIONAL STANDARD BOOK NUMBER
International Standard Book Number 9780821369
020 ## - INTERNATIONAL STANDARD BOOK NUMBER
International Standard Book Number 139
050 ## - LIBRARY OF CONGRESS CALL NUMBER
Classification number IBRD(02)
100 ## - MAIN ENTRY--PERSONAL NAME
Personal name Simler, Kenneth
245 10 - TITLE STATEMENT
Title More than a Pretty picture: using poverty maps to design better policies and interventions
Statement of responsibility, etc. Edited by Tara Bedi, Aline Coudouel and Kenneth Simler
260 ## - PUBLICATION, DISTRIBUTION, ETC.
Place of publication, distribution, etc.
Name of publisher, distributor, etc. World Bank
Date of publication, distribution, etc. 2007
350 ## - PRICE (NR) (BK AM CF MU VM SE) [OBSOLETE]
Price 0.00
650 ## - SUBJECT ADDED ENTRY--TOPICAL TERM
Topical term or geographic name entry element POVERTY--GOVERNMENT POLICY--CASE STUDIES
650 ## - SUBJECT ADDED ENTRY--TOPICAL TERM
Topical term or geographic name entry element POVERTY--MAPS--CASE STUDIES
700 ## - ADDED ENTRY--PERSONAL NAME
Personal name Bedi, Tara
700 ## - ADDED ENTRY--PERSONAL NAME
Personal name Coudouel, Aline
710 ## - ADDED ENTRY--CORPORATE NAME
Corporate name or jurisdiction name as entry element World Bank
995 ## - RECOMMENDATION 995 [LOCAL, UNIMARC FRANCE]
-- 0.00
-- CBU-MAIN LIBRARY (Kitwe)
-- 1
-- 0.00
-- 1
-- AVAILABLE
-- Apr 15, 2008
-- International Publications
Holdings
Withdrawn status Lost status Source of classification or shelving scheme Damaged status Not for loan Home library Current library Shelving location Date acquired Total Checkouts Full call number Barcode Date last seen Price effective from Koha item type
          CBU-MAIN LIBRARY, KITWE. CBU-MAIN LIBRARY, KITWE.   11/30/2022   IBRD(02) 56117 11/30/2022 11/30/2022 MONOGRAPH